000 00691 a2200217 4500
010 _aENG-85327
020 _a8187358297
_c220.00
035 _aEN-68860
037 _bD.B.Act / Ven
082 1 4 _a954.16
090 _c2076
_d2076
245 1 _aDelhi
_cedited by Upinder Singh
_bancient history
260 _aNew Delhi
_bSocial Science Press
_c2005.
270 _a69, Jor bagh
_bNew Delhi
_e110 063
300 _axxiv, 227 p.
_c22 cm. (Pbk.)
490 _aReading in History
500 _aIncludes index
710 _aSingh, Upinder
942 _adpl
_cEN
_k954.16 / DEL
999 _c2041
_d2041